Statistics for Pi Digits #02 101-200

Click here to take the quiz!

General Stats

  • This quiz has been taken 100 times
  • The average score is 17 of 20

Answer Stats

Digits% Correct
82148
100%
08651
96%
32823
96%
06647
88%
09384
88%
08128
84%
23172
84%
46095
84%
48111
84%
50582
84%
53594
84%
74502
84%
84102
84%
05559
80%
29489
80%
38196
80%
54930
80%
64462
80%
70193
80%
85211
80%

Score Distribution

Percentile by Number Answered

Percent of People with Each Score

Your Score History

You have not taken this quiz